[Event "Tarragona-ch Seniors"]
[Site "Cambrils"]
[Date "2020.02.06"]
[Round "3.2"]
[White "Torres Royo, Pedro"]
[Black "Romero Mendez, Antonio"]
[Result "1-0"]
[WhiteElo "1838"]
[BlackElo "1895"]
[PlyCount "143"]
[EventDate "2020.01.23"]
[EventType "swiss"]
[EventRounds "8"]
[EventCountry "ESP"]
[SourceTitle "EXT 2024"]
[Source "ChessBase"]
[SourceDate "2023.10.10"]
[SourceVersion "1"]
[SourceVersionDate "2023.10.10"]
[SourceQuality "1"]

1. e4 e6 2. d4 d5 3. e5 c5 4. c3 Nc6 5. Nf3 Qb6 6. Bd3 Bd7 7. Bc2 Nh6 8. 0-0 Nf5 9. Bxf5 exf5 10. Re1 Be6 11. Na3 Be7 12. Nc2 h6 13. Ne3 Rd8 14. dxc5 Bxc5 15. Qb3 Qa6 16. Qc2 g6 17. Nf1 b6 18. Be3 Bf8 19. Nd4 Nxd4 20. Bxd4 Bg7 21. f4 0-0 22. Qe2 Qb7 23. Rad1 Rd7 24. Rd3 Qa6 25. a3 Rc7 26. Qd1 Re8 27. Bf2 Rc4 28. Bd4 Bf8 29. Re2 Bc5 30. Red2 Rc8 31. Ne3 Bxd4 32. Rxd4 Rxd4 33. Rxd4 Qb5 34. Qd2 Qc5 35. Kh1 Qb5 36. a4 Qa6 37. Kg1 Kg7 38. Nxd5 Bxd5 39. Rxd5 Qxa4 40. Rd4 Qa2 41. h3 a5 42. Rd6 Rc4 43. e6 fxe6 44. Rxe6 Rc7 45. Qd6 Qc4 46. Rxg6+ Kf7 47. Rxh6 Qc5+ 48. Qxc5 bxc5 49. Ra6 Rb7 50. Rxa5 Rxb2 51. Rxc5 Kg6 52. Rc6+ Kh5 53. Rf6 Kh4 54. Kh2 Kh5 55. Rxf5+ Kh4 56. Rf8 Kh5 57. f5 Rc2 58. Rc8 Kg5 59. Rc5 Kh4 60. Rc4+ Kg5 61. Kg3 Kxf5 62. h4 Kg6 63. Kf3 Kh5 64. g3 Rc1 65. Rc5+ Kh6 66. c4 Rc3+ 67. Kf4 Kg6 68. Rc6+ Kg7 69. h5 Kh7 70. g4 Kg8 71. Kf5 Kf8 72. h6 1-0

[Event "Tarragona-ch"]
[Site "Tarragona"]
[Date "2003.??.??"]
[Round "2"]
[White "Torres Royo, Pedro"]
[Black "Ramos Lor, Josep"]
[Result "1/2-1/2"]
[WhiteElo "2100"]
[BlackElo "2080"]
[PlyCount "43"]
[EventDate "2003.??.??"]
[EventType "swiss"]
[EventRounds "9"]
[EventCountry "ESP"]
[SourceTitle "EXT 2007"]
[Source "ChessBase"]
[SourceDate "2006.11.23"]
[SourceVersion "1"]
[SourceVersionDate "2006.11.23"]
[SourceQuality "1"]

1. e4 e5 2. Nf3 Nc6 3. Bb5 a6 4. Bxc6 dxc6 5. 0-0 f6 6. d4 exd4 7. Nxd4 c5 8. Nb3 Qxd1 9. Rxd1 Bd7 10. Be3 b6 11. a4 a5 12. Nc3 Bd6 13. Nd5 Ne7 14. Nxb6 Bxh2+ 15. Kxh2 cxb6 16. Bf4 0-0-0 17. Nd2 Be6 18. Nf3 Rd7 19. Rxd7 Bxd7 20. b3 Bc6 21. Nd2 Ng6 22. Kg3 1/2-1/2